[Event "Canadian op"]
[Site "Edmonton"]
[Date "2009.07.11"]
[Round "1.55"]
[White "Me, Kevin"]
[Black "Thompson, Peter"]
[Result "1-0"]
[WhiteElo "2124"]
[BlackElo "1793"]
[PlyCount "65"]
[EventDate "2009.07.11"]
[EventType "swiss"]
[EventRounds "9"]
[EventCountry "CAN"]
[SourceTitle "EXT 2022"]
[Source "ChessBase"]
[SourceDate "2021.10.06"]
[SourceVersion "1"]
[SourceVersionDate "2021.10.06"]
[SourceQuality "1"]

1. e4 c6 2. d4 d5 3. Nc3 dxe4 4. Nxe4 Bf5 5. Ng3 Bg6 6. h4 h6 7. Nf3 Nf6 8. Ne5 Bh7 9. Bc4 e6 10. Qe2 Qc7 11. Bf4 Bd6 12. Nxf7 Qxf7 13. Bxd6 Nd5 14. 0-0 Kd8 15. Rfe1 Re8 16. Ne4 Nd7 17. Bg3 Bxe4 18. Qxe4 N7f6 19. Qe5 Re7 20. c3 Ke8 21. Qe2 Rd8 22. Bd3 Nh5 23. Qg4 Ndf4 24. Be4 Kf8 25. Re3 Kg8 26. Rae1 Nd5 27. Bg6 Qf8 28. Qxh5 Nxe3 29. Rxe3 Rd5 30. Be5 c5 31. Rf3 Qd8 32. Bf7+ Rxf7 33. Qxf7+ 1-0

[Event "Edmonton-ch Reserves"]
[Site "Edmonton"]
[Date "2009.02.19"]
[Round "7"]
[White "Thompson, Peter"]
[Black "Procyshyn, Jeff"]
[Result "1-0"]
[WhiteElo "1778"]
[BlackElo "1426"]
[PlyCount "39"]
[EventDate "2009.01.08"]
[EventType "swiss"]
[EventRounds "7"]
[EventCountry "CAN"]
[SourceTitle "EXT 2011"]
[Source "ChessBase"]
[SourceDate "2010.11.26"]
[SourceVersion "1"]
[SourceVersionDate "2010.11.26"]
[SourceQuality "1"]

1. e4 e5 2. Nf3 d5 3. exd5 Bd6 4. Bb5+ c6 5. dxc6 Nxc6 6. Nc3 Nf6 7. d3 0-0 8. Bxc6 bxc6 9. 0-0 Nd5 10. Ne4 Re8 11. c4 Nf4 12. Bxf4 exf4 13. Qa4 Bb7 14. Rfe1 Be7 15. d4 Bf6 16. Nxf6+ Qxf6 17. Qxa7 Re7 18. Qb6 Rd7 19. Ne5 Ra6 20. Nxd7 1-0

[Event "Edmonton Obama op"]
[Site "Edmonton"]
[Date "2008.11.13"]
[Round "2"]
[White "Thompson, Peter"]
[Black "Yamach, Ahmet"]
[Result "0-1"]
[WhiteElo "1858"]
[BlackElo "1876"]
[PlyCount "86"]
[EventDate "2008.11.06"]
[EventType "swiss"]
[EventRounds "4"]
[EventCountry "CAN"]
[SourceTitle "EXT 2022"]
[Source "ChessBase"]
[SourceDate "2021.10.06"]
[SourceVersion "1"]
[SourceVersionDate "2021.10.06"]
[SourceQuality "1"]

1. d4 d5 2. Nf3 g6 3. Bf4 Bg7 4. e3 Nf6 5. h3 c6 6. Bd3 Nbd7 7. Nbd2 e6 8. 0-0 0-0 9. c4 c5 10. Bd6 Re8 11. Ne5 cxd4 12. exd4 dxc4 13. Ndxc4 Nb6 14. Bc5 Nxc4 15. Bxc4 Nd7 16. Nxd7 Bxd7 17. Qd2 Bc6 18. Rad1 Qd7 19. Bb4 Red8 20. Bc3 Rac8 21. Bb3 b6 22. Qg5 Bd5 23. Bxd5 Qxd5 24. Qxd5 Rxd5 25. Rd2 Rc4 26. Rfd1 b5 27. a3 Bf8 28. Kf1 Bxa3 29. bxa3 Rxc3 30. Rd3 Rxd3 31. Rxd3 e5 32. Ke2 exd4 33. Kd2 a5 34. Kc2 f5 35. Rb3 Kf7 36. Kd3 Ke6 37. f4 Kd6 38. Rb2 Kc6 39. g3 h5 40. h4 Rd6 41. Rc2+ Kd5 42. Rb2 Rb6 43. Re2 Re6 0-1

[Event "Edmonton Back To School op"]
[Site "Edmonton"]
[Date "2008.09.25"]
[Round "4"]
[White "Thompson, Peter"]
[Black "Pedersen, Rick"]
[Result "1-0"]
[WhiteElo "1809"]
[BlackElo "1930"]
[PlyCount "127"]
[EventDate "2008.09.04"]
[EventType "swiss"]
[EventRounds "4"]
[EventCountry "CAN"]
[SourceTitle "EXT 2011"]
[Source "ChessBase"]
[SourceDate "2010.11.26"]
[SourceVersion "1"]
[SourceVersionDate "2010.11.26"]
[SourceQuality "1"]

1. Nf3 g6 2. g3 Bg7 3. Bg2 Nf6 4. d3 0-0 5. 0-0 d5 6. Nbd2 c5 7. e4 d4 8. h3 Nc6 9. Nh4 e5 10. Ndf3 h6 11. Nh2 Kh7 12. a3 Be6 13. Qe1 Qd7 14. g4 Rac8 15. Qe2 Qe7 16. g5 Nh5 17. Nf5 Bxf5 18. exf5 hxg5 19. Be4 Nf4 20. Bxf4 exf4 21. fxg6+ fxg6 22. Qh5+ Kg8 23. Bd5+ Rf7 24. Qxg6 Ne5 25. Bxf7+ Qxf7 26. Qxg5 Rc6 27. Qd8+ Kh7 28. Ng4 Nf3+ 29. Kg2 Qh5 30. Rh1 Nh4+ 31. Kf1 Nf5 32. Re1 Rg6 33. Qe8 Qh4 34. Qe4 Qg5 35. Qe8 Qh5 36. Re6 Nh4 37. Rxg6 Nxg6 38. Qf7 Qg5 39. Qxb7 f3 40. Qxf3 Qc1+ 41. Kg2 Nh4+ 42. Kg3 Qg5 43. Qe4+ Kg8 44. Rf1 Nf5+ 45. Kh2 Qh5 46. Qe6+ Kh7 47. Nf6+ Bxf6 48. Qxf6 Nh4 49. Qe7+ Kh6 50. Qf8+ Kh7 51. Qf4 Nf3+ 52. Kg3 Ng5 53. Qh4 Qxh4+ 54. Kxh4 Nf3+ 55. Kg3 Ng5 56. f4 Nf7 57. Kf3 Kg6 58. Rg1+ Kf6 59. Rg8 Nd6 60. h4 Nf5 61. Rf8+ Ke6 62. h5 Ne3 63. Re8+ Kf6 64. Rxe3 1-0

[Event "Edmonton Ottosen op"]
[Site "Edmonton"]
[Date "2008.08.21"]
[Round "3"]
[White "Sauve, Steve"]
[Black "Thompson, Peter"]
[Result "0-1"]
[WhiteElo "1677"]
[BlackElo "1806"]
[PlyCount "116"]
[EventDate "2008.08.07"]
[EventType "swiss"]
[EventRounds "4"]
[EventCountry "CAN"]
[SourceTitle "EXT 2011"]
[Source "ChessBase"]
[SourceDate "2010.11.26"]
[SourceVersion "1"]
[SourceVersionDate "2010.11.26"]
[SourceQuality "1"]

1. e4 c5 2. Nf3 d6 3. Bb5+ Bd7 4. Bxd7+ Qxd7 5. 0-0 Nc6 6. c3 Nf6 7. Re1 e6 8. d4 cxd4 9. cxd4 Be7 10. Nc3 0-0 11. Bg5 Rac8 12. Qb3 Na5 13. Qb5 Qxb5 14. Nxb5 Rc2 15. b3 Nc6 16. Na3 Rc3 17. Nc4 Nxe4 18. Bxe7 Nxe7 19. Na5 d5 20. Nxb7 Rb8 21. Na5 Rb5 22. b4 Rxb4 23. Nb3 Rc2 24. Rf1 Nf5 25. Rac1 Rbc4 26. Rxc2 Rxc2 27. Rc1 Rxc1+ 28. Nxc1 Nc3 29. g4 Nd6 30. Ne5 Ndb5 31. Nc6 Kf8 32. f3 Ke8 33. Kf2 f6 34. Ke3 Kd7 35. Nb8+ Kd6 36. Na6 e5 37. dxe5+ fxe5 38. Nb4 a5 39. Nbd3 d4+ 40. Kd2 Na3 41. Nb2 Kd5 42. Kd3 g5 43. Nb3 Nxa2 44. Nxa5 Nb4+ 45. Kd2 e4 46. fxe4+ Kxe4 47. Nb3 Nb1+ 48. Ke2 Nc3+ 49. Kd2 Ncd5 50. Nc5+ Kf3 51. h3 Nf4 52. Nc4 Nc6 53. Nd6 Nxh3 54. Kd3 Nf4+ 55. Kd2 Kxg4 56. Nce4 h5 57. Nf6+ Kf3 58. Nf5 h4 0-1